<?xml version="1.0" encoding="UTF-8"?>
<collection xmlns="http://www.loc.gov/MARC21/slim">
 <record>
  <leader>07841nas a22010451  4500</leader>
  <controlfield tag="001">1/50233</controlfield>
  <controlfield tag="008">020301c19989999gr fxzp       0   a0eng d</controlfield>
  <datafield tag="022" ind1=" " ind2=" ">
   <subfield code="a">1108-2976</subfield>
  </datafield>
  <datafield tag="035" ind1=" " ind2=" ">
   <subfield code="l">23368</subfield>
  </datafield>
  <datafield tag="090" ind1=" " ind2=" ">
   <subfield code="a">Αλφαβητική σειρά</subfield>
  </datafield>
  <datafield tag="245" ind1="0" ind2="0">
   <subfield code="a">European research studies journal.</subfield>
  </datafield>
  <datafield tag="260" ind1=" " ind2=" ">
   <subfield code="a">Pireaus :</subfield>
   <subfield code="b">University of Pireaus,</subfield>
   <subfield code="c">1998-</subfield>
  </datafield>
  <datafield tag="300" ind1=" " ind2=" ">
   <subfield code="a">v. ;</subfield>
   <subfield code="c">23 cm.</subfield>
  </datafield>
  <datafield tag="310" ind1=" " ind2=" ">
   <subfield code="a">Semiannual,</subfield>
   <subfield code="b">Jan. 2000-</subfield>
  </datafield>
  <datafield tag="321" ind1=" " ind2=" ">
   <subfield code="a">Quaterly,</subfield>
   <subfield code="b">1998.</subfield>
  </datafield>
  <datafield tag="321" ind1=" " ind2=" ">
   <subfield code="a">Annual,</subfield>
   <subfield code="b">1999.</subfield>
  </datafield>
  <datafield tag="362" ind1="0" ind2=" ">
   <subfield code="a">Vol. I, no. 1 (Jan. 1998)-</subfield>
  </datafield>
  <datafield tag="546" ind1=" " ind2=" ">
   <subfield code="a">English.</subfield>
  </datafield>
  <datafield tag="650" ind1=" " ind2="4">
   <subfield code="a">Economic policy</subfield>
   <subfield code="v">Periodicals.</subfield>
  </datafield>
  <datafield tag="852" ind1=" " ind2=" ">
   <subfield code="a">INST</subfield>
   <subfield code="b">UNIPILB</subfield>
   <subfield code="c">SERIALS</subfield>
   <subfield code="e">20050419</subfield>
   <subfield code="h">Αλφαβητική σειρά</subfield>
   <subfield code="p">42613</subfield>
   <subfield code="q">42613</subfield>
   <subfield code="t">NOLOAN</subfield>
   <subfield code="v">vol.1;no.1:(Μήνες)Jan./Feb./Mar.;(Έτος)1998</subfield>
   <subfield code="y">23</subfield>
  </datafield>
  <datafield tag="852" ind1=" " ind2=" ">
   <subfield code="a">INST</subfield>
   <subfield code="b">UNIPILB</subfield>
   <subfield code="c">SERIALS</subfield>
   <subfield code="e">20050419</subfield>
   <subfield code="h">Αλφαβητική σειρά</subfield>
   <subfield code="p">42614</subfield>
   <subfield code="q">42614</subfield>
   <subfield code="t">NOLOAN</subfield>
   <subfield code="v">vol.1;no.2:(Μήνας)Apr.;(Έτος)1998</subfield>
   <subfield code="y">23</subfield>
  </datafield>
  <datafield tag="852" ind1=" " ind2=" ">
   <subfield code="a">INST</subfield>
   <subfield code="b">UNIPILB</subfield>
   <subfield code="c">SERIALS</subfield>
   <subfield code="e">20050419</subfield>
   <subfield code="h">Αλφαβητική σειρά</subfield>
   <subfield code="p">42615</subfield>
   <subfield code="q">42615</subfield>
   <subfield code="t">NOLOAN</subfield>
   <subfield code="v">vol.1;no.3:(Μήνας)Jul.;(Έτος)1998</subfield>
   <subfield code="y">23</subfield>
  </datafield>
  <datafield tag="852" ind1=" " ind2=" ">
   <subfield code="a">INST</subfield>
   <subfield code="b">UNIPILB</subfield>
   <subfield code="c">SERIALS</subfield>
   <subfield code="e">20050419</subfield>
   <subfield code="h">Αλφαβητική σειρά</subfield>
   <subfield code="p">42616</subfield>
   <subfield code="q">42616</subfield>
   <subfield code="t">NOLOAN</subfield>
   <subfield code="v">vol.1;no.4:(Μήνας)Oct.;(Έτος)1998</subfield>
   <subfield code="y">23</subfield>
  </datafield>
  <datafield tag="852" ind1=" " ind2=" ">
   <subfield code="a">INST</subfield>
   <subfield code="b">UNIPILB</subfield>
   <subfield code="c">SERIALS</subfield>
   <subfield code="e">20050419</subfield>
   <subfield code="h">Αλφαβητική σειρά</subfield>
   <subfield code="p">42617</subfield>
   <subfield code="q">42617</subfield>
   <subfield code="t">NOLOAN</subfield>
   <subfield code="v">vol.2;no.1-4:(Έτος)1999</subfield>
   <subfield code="y">23</subfield>
  </datafield>
  <datafield tag="852" ind1=" " ind2=" ">
   <subfield code="a">INST</subfield>
   <subfield code="b">UNIPILB</subfield>
   <subfield code="c">SERIALS</subfield>
   <subfield code="e">20050419</subfield>
   <subfield code="h">Αλφαβητική σειρά</subfield>
   <subfield code="p">42620</subfield>
   <subfield code="q">42620</subfield>
   <subfield code="t">NOLOAN</subfield>
   <subfield code="v">vol.3;no.1-2:(Έτος)2000</subfield>
   <subfield code="y">23</subfield>
  </datafield>
  <datafield tag="852" ind1=" " ind2=" ">
   <subfield code="a">INST</subfield>
   <subfield code="b">UNIPILB</subfield>
   <subfield code="c">SERIALS</subfield>
   <subfield code="e">20050419</subfield>
   <subfield code="h">Αλφαβητική σειρά</subfield>
   <subfield code="p">42621</subfield>
   <subfield code="q">42621</subfield>
   <subfield code="t">NOLOAN</subfield>
   <subfield code="v">vol.3;no.3-4:(Έτος)2000</subfield>
   <subfield code="y">23</subfield>
  </datafield>
  <datafield tag="852" ind1=" " ind2=" ">
   <subfield code="a">INST</subfield>
   <subfield code="b">UNIPILB</subfield>
   <subfield code="c">SERIALS</subfield>
   <subfield code="e">20050419</subfield>
   <subfield code="h">Αλφαβητική σειρά</subfield>
   <subfield code="p">42622</subfield>
   <subfield code="q">42622</subfield>
   <subfield code="t">NOLOAN</subfield>
   <subfield code="v">vol.4;no.1-2:(Έτος)2001</subfield>
   <subfield code="y">23</subfield>
  </datafield>
  <datafield tag="852" ind1=" " ind2=" ">
   <subfield code="a">INST</subfield>
   <subfield code="b">UNIPILB</subfield>
   <subfield code="c">SERIALS</subfield>
   <subfield code="e">20050419</subfield>
   <subfield code="h">Αλφαβητική σειρά</subfield>
   <subfield code="p">42623</subfield>
   <subfield code="q">42623</subfield>
   <subfield code="t">NOLOAN</subfield>
   <subfield code="v">vol.5;no.3-4:(Έτος)2002</subfield>
   <subfield code="y">23</subfield>
  </datafield>
  <datafield tag="852" ind1=" " ind2=" ">
   <subfield code="a">INST</subfield>
   <subfield code="b">UNIPILB</subfield>
   <subfield code="c">SERIALS</subfield>
   <subfield code="e">20050510</subfield>
   <subfield code="h">Αλφαβητική σειρά</subfield>
   <subfield code="p">42941</subfield>
   <subfield code="q">42941</subfield>
   <subfield code="t">NOLOAN</subfield>
   <subfield code="v">vol.5;no.1-2:(Έτος)2002</subfield>
   <subfield code="y">23</subfield>
  </datafield>
  <datafield tag="852" ind1=" " ind2=" ">
   <subfield code="a">INST</subfield>
   <subfield code="b">UNIPILB</subfield>
   <subfield code="c">SERIALS</subfield>
   <subfield code="e">20050510</subfield>
   <subfield code="h">Αλφαβητική σειρά</subfield>
   <subfield code="p">42942</subfield>
   <subfield code="q">42942</subfield>
   <subfield code="t">NOLOAN</subfield>
   <subfield code="v">vol.5;no.3-4:(Έτος)2002</subfield>
   <subfield code="y">23</subfield>
  </datafield>
  <datafield tag="852" ind1=" " ind2=" ">
   <subfield code="a">INST</subfield>
   <subfield code="b">UNIPILB</subfield>
   <subfield code="c">SERIALS</subfield>
   <subfield code="e">20071018</subfield>
   <subfield code="h">Αλφαβητική σειρά</subfield>
   <subfield code="p">57611</subfield>
   <subfield code="q">57611</subfield>
   <subfield code="t">NOLOAN</subfield>
   <subfield code="v">vol.4;no.3-4:(Έτος)2001</subfield>
   <subfield code="y">23</subfield>
  </datafield>
  <datafield tag="852" ind1=" " ind2=" ">
   <subfield code="a">INST</subfield>
   <subfield code="b">UNIPILB</subfield>
   <subfield code="c">SERIALS</subfield>
   <subfield code="e">20080401</subfield>
   <subfield code="h">Αλφαβητική σειρά</subfield>
   <subfield code="p">60383</subfield>
   <subfield code="q">60383</subfield>
   <subfield code="t">NOLOAN</subfield>
   <subfield code="v">vol.6;no.1-2:(Έτος)2003</subfield>
   <subfield code="y">23</subfield>
  </datafield>
  <datafield tag="852" ind1=" " ind2=" ">
   <subfield code="a">INST</subfield>
   <subfield code="b">UNIPILB</subfield>
   <subfield code="c">SERIALS</subfield>
   <subfield code="e">20080401</subfield>
   <subfield code="h">Αλφαβητική σειρά</subfield>
   <subfield code="p">60384</subfield>
   <subfield code="q">60384</subfield>
   <subfield code="t">NOLOAN</subfield>
   <subfield code="v">vol.6;no.3-4:(Έτος)2003</subfield>
   <subfield code="y">23</subfield>
  </datafield>
  <datafield tag="852" ind1=" " ind2=" ">
   <subfield code="a">INST</subfield>
   <subfield code="b">UNIPILB</subfield>
   <subfield code="c">SERIALS</subfield>
   <subfield code="e">20080401</subfield>
   <subfield code="h">Αλφαβητική σειρά</subfield>
   <subfield code="p">60385</subfield>
   <subfield code="q">60385</subfield>
   <subfield code="t">NOLOAN</subfield>
   <subfield code="v">vol.7;no.1-2:(Έτος)2004</subfield>
   <subfield code="y">23</subfield>
  </datafield>
  <datafield tag="852" ind1=" " ind2=" ">
   <subfield code="a">INST</subfield>
   <subfield code="b">UNIPILB</subfield>
   <subfield code="c">SERIALS</subfield>
   <subfield code="e">20080401</subfield>
   <subfield code="h">Αλφαβητική σειρά</subfield>
   <subfield code="p">60386</subfield>
   <subfield code="q">60386</subfield>
   <subfield code="t">NOLOAN</subfield>
   <subfield code="v">vol.7;no.3-4:(Έτος)2004</subfield>
   <subfield code="y">23</subfield>
  </datafield>
  <datafield tag="852" ind1=" " ind2=" ">
   <subfield code="a">INST</subfield>
   <subfield code="b">UNIPILB</subfield>
   <subfield code="c">SERIALS</subfield>
   <subfield code="e">20080401</subfield>
   <subfield code="h">Αλφαβητική σειρά</subfield>
   <subfield code="p">60387</subfield>
   <subfield code="q">60387</subfield>
   <subfield code="t">NOLOAN</subfield>
   <subfield code="v">vol.8;no.1-2:(Έτος)2005</subfield>
   <subfield code="y">23</subfield>
  </datafield>
  <datafield tag="852" ind1=" " ind2=" ">
   <subfield code="a">INST</subfield>
   <subfield code="b">UNIPILB</subfield>
   <subfield code="c">SERIALS</subfield>
   <subfield code="e">20080401</subfield>
   <subfield code="h">Αλφαβητική σειρά</subfield>
   <subfield code="p">60388</subfield>
   <subfield code="q">60388</subfield>
   <subfield code="t">NOLOAN</subfield>
   <subfield code="v">vol.8;no.3-4:(Έτος)2005</subfield>
   <subfield code="y">23</subfield>
  </datafield>
  <datafield tag="852" ind1=" " ind2=" ">
   <subfield code="a">INST</subfield>
   <subfield code="b">UNIPILB</subfield>
   <subfield code="c">SERIALS</subfield>
   <subfield code="e">20080401</subfield>
   <subfield code="h">Αλφαβητική σειρά</subfield>
   <subfield code="p">60389</subfield>
   <subfield code="q">60389</subfield>
   <subfield code="t">NOLOAN</subfield>
   <subfield code="v">vol.9;no.1-2:(Έτος)2006</subfield>
   <subfield code="y">23</subfield>
  </datafield>
  <datafield tag="852" ind1=" " ind2=" ">
   <subfield code="a">INST</subfield>
   <subfield code="b">UNIPILB</subfield>
   <subfield code="c">SERIALS</subfield>
   <subfield code="e">20080401</subfield>
   <subfield code="h">Αλφαβητική σειρά</subfield>
   <subfield code="p">60390</subfield>
   <subfield code="q">60390</subfield>
   <subfield code="t">NOLOAN</subfield>
   <subfield code="v">vol.9;no.3-4:(Έτος)2006</subfield>
   <subfield code="y">23</subfield>
  </datafield>
  <datafield tag="852" ind1=" " ind2=" ">
   <subfield code="a">INST</subfield>
   <subfield code="b">UNIPILB</subfield>
   <subfield code="c">SERIALS</subfield>
   <subfield code="e">20080401</subfield>
   <subfield code="h">Αλφαβητική σειρά</subfield>
   <subfield code="p">60391</subfield>
   <subfield code="q">60391</subfield>
   <subfield code="t">NOLOAN</subfield>
   <subfield code="v">vol.10;no.1-2:(Έτος)2007</subfield>
   <subfield code="y">23</subfield>
  </datafield>
  <datafield tag="852" ind1=" " ind2=" ">
   <subfield code="a">INST</subfield>
   <subfield code="b">UNIPILB</subfield>
   <subfield code="c">SERIALS</subfield>
   <subfield code="e">20080401</subfield>
   <subfield code="h">Αλφαβητική σειρά</subfield>
   <subfield code="p">60392</subfield>
   <subfield code="q">60392</subfield>
   <subfield code="t">NOLOAN</subfield>
   <subfield code="v">vol.10;no.3-4:(Έτος)2007</subfield>
   <subfield code="y">23</subfield>
  </datafield>
  <datafield tag="852" ind1=" " ind2=" ">
   <subfield code="a">INST</subfield>
   <subfield code="b">UNIPILB</subfield>
   <subfield code="c">SERIALS</subfield>
   <subfield code="e">20090210</subfield>
   <subfield code="h">Αλφαβητική σειρά</subfield>
   <subfield code="p">62836</subfield>
   <subfield code="q">62836</subfield>
   <subfield code="t">NOLOAN</subfield>
   <subfield code="v">vol.11;no.1-2:(Έτος)2008</subfield>
   <subfield code="y">23</subfield>
  </datafield>
  <datafield tag="852" ind1=" " ind2=" ">
   <subfield code="a">INST</subfield>
   <subfield code="b">UNIPILB</subfield>
   <subfield code="c">SERIALS</subfield>
   <subfield code="e">20090210</subfield>
   <subfield code="h">Αλφαβητική σειρά</subfield>
   <subfield code="p">62837</subfield>
   <subfield code="q">62837</subfield>
   <subfield code="t">NOLOAN</subfield>
   <subfield code="v">vol.11;no.3:(Έτος)2008</subfield>
   <subfield code="y">23</subfield>
  </datafield>
  <datafield tag="852" ind1=" " ind2=" ">
   <subfield code="a">INST</subfield>
   <subfield code="b">UNIPILB</subfield>
   <subfield code="c">SERIALS</subfield>
   <subfield code="e">20090210</subfield>
   <subfield code="h">Αλφαβητική σειρά</subfield>
   <subfield code="p">62838</subfield>
   <subfield code="q">62838</subfield>
   <subfield code="t">NOLOAN</subfield>
   <subfield code="v">vol.11;no.4:(Έτος)2008</subfield>
   <subfield code="y">23</subfield>
  </datafield>
  <datafield tag="852" ind1=" " ind2=" ">
   <subfield code="a">INST</subfield>
   <subfield code="b">UNIPILB</subfield>
   <subfield code="c">SERIALS</subfield>
   <subfield code="e">20090904</subfield>
   <subfield code="h">Αλφαβητική σειρά</subfield>
   <subfield code="p">64554</subfield>
   <subfield code="q">64554</subfield>
   <subfield code="t">NOLOAN</subfield>
   <subfield code="v">vol.12;no.1:(Έτος)2009</subfield>
   <subfield code="y">23</subfield>
  </datafield>
  <datafield tag="852" ind1=" " ind2=" ">
   <subfield code="a">INST</subfield>
   <subfield code="b">UNIPILB</subfield>
   <subfield code="c">SERIALS</subfield>
   <subfield code="e">20090904</subfield>
   <subfield code="h">Αλφαβητική σειρά</subfield>
   <subfield code="p">64555</subfield>
   <subfield code="q">64555</subfield>
   <subfield code="t">NOLOAN</subfield>
   <subfield code="v">vol.12;no.3:(Έτος)2009</subfield>
   <subfield code="y">23</subfield>
  </datafield>
  <datafield tag="852" ind1=" " ind2=" ">
   <subfield code="a">INST</subfield>
   <subfield code="b">UNIPILB</subfield>
   <subfield code="c">SERIALS</subfield>
   <subfield code="e">20090921</subfield>
   <subfield code="h">Αλφαβητική σειρά</subfield>
   <subfield code="p">64690</subfield>
   <subfield code="q">64690</subfield>
   <subfield code="t">NOLOAN</subfield>
   <subfield code="v">vol.12;no.2:(Έτος)2009</subfield>
   <subfield code="y">23</subfield>
  </datafield>
  <datafield tag="852" ind1=" " ind2=" ">
   <subfield code="a">INST</subfield>
   <subfield code="b">UNIPILB</subfield>
   <subfield code="c">SERIALS</subfield>
   <subfield code="e">20110317</subfield>
   <subfield code="h">Αλφαβητική σειρά</subfield>
   <subfield code="p">71414</subfield>
   <subfield code="q">71414</subfield>
   <subfield code="t">NOLOAN</subfield>
   <subfield code="v">vol.13;no.2:(Έτος)2010</subfield>
   <subfield code="y">23</subfield>
  </datafield>
  <datafield tag="852" ind1=" " ind2=" ">
   <subfield code="a">INST</subfield>
   <subfield code="b">UNIPILB</subfield>
   <subfield code="c">SERIALS</subfield>
   <subfield code="e">20110317</subfield>
   <subfield code="h">Αλφαβητική σειρά</subfield>
   <subfield code="p">71415</subfield>
   <subfield code="q">71415</subfield>
   <subfield code="t">NOLOAN</subfield>
   <subfield code="v">vol.13;no.3:(Έτος)2010</subfield>
   <subfield code="y">23</subfield>
  </datafield>
  <datafield tag="852" ind1=" " ind2=" ">
   <subfield code="a">INST</subfield>
   <subfield code="b">UNIPILB</subfield>
   <subfield code="c">SERIALS</subfield>
   <subfield code="e">20110317</subfield>
   <subfield code="h">Αλφαβητική σειρά</subfield>
   <subfield code="p">71421</subfield>
   <subfield code="q">71421</subfield>
   <subfield code="t">NOLOAN</subfield>
   <subfield code="v">vol.12;no.4:(Έτος)2009</subfield>
   <subfield code="y">23</subfield>
  </datafield>
  <datafield tag="852" ind1=" " ind2=" ">
   <subfield code="a">INST</subfield>
   <subfield code="b">UNIPILB</subfield>
   <subfield code="c">SERIALS</subfield>
   <subfield code="e">20110317</subfield>
   <subfield code="h">Αλφαβητική σειρά</subfield>
   <subfield code="p">71422</subfield>
   <subfield code="q">71422</subfield>
   <subfield code="t">NOLOAN</subfield>
   <subfield code="v">vol.13;no.1:(Έτος)2010</subfield>
   <subfield code="y">23</subfield>
  </datafield>
  <datafield tag="852" ind1=" " ind2=" ">
   <subfield code="a">INST</subfield>
   <subfield code="b">UNIPILB</subfield>
   <subfield code="c">SERIALS</subfield>
   <subfield code="e">20111031</subfield>
   <subfield code="h">Αλφαβητική σειρά</subfield>
   <subfield code="p">73177</subfield>
   <subfield code="q">73177</subfield>
   <subfield code="t">NOLOAN</subfield>
   <subfield code="v">vol.13;no.4:(Έτος)2010</subfield>
   <subfield code="y">23</subfield>
  </datafield>
  <datafield tag="852" ind1=" " ind2=" ">
   <subfield code="a">INST</subfield>
   <subfield code="b">UNIPILB</subfield>
   <subfield code="c">SERIALS</subfield>
   <subfield code="e">20120423</subfield>
   <subfield code="h">Αλφαβητική σειρά</subfield>
   <subfield code="p">75228</subfield>
   <subfield code="q">75228</subfield>
   <subfield code="t">NOLOAN</subfield>
   <subfield code="v">vol.14;no.2:(Έτος)2011</subfield>
   <subfield code="y">23</subfield>
  </datafield>
  <datafield tag="852" ind1=" " ind2=" ">
   <subfield code="a">INST</subfield>
   <subfield code="b">UNIPILB</subfield>
   <subfield code="c">SERIALS</subfield>
   <subfield code="e">20120423</subfield>
   <subfield code="h">Αλφαβητική σειρά</subfield>
   <subfield code="p">75229</subfield>
   <subfield code="q">75229</subfield>
   <subfield code="t">NOLOAN</subfield>
   <subfield code="v">vol.14;no.3:(Έτος)2011</subfield>
   <subfield code="y">23</subfield>
  </datafield>
  <datafield tag="852" ind1=" " ind2=" ">
   <subfield code="a">INST</subfield>
   <subfield code="b">UNIPILB</subfield>
   <subfield code="c">SERIALS</subfield>
   <subfield code="e">20120423</subfield>
   <subfield code="h">Αλφαβητική σειρά</subfield>
   <subfield code="p">75230</subfield>
   <subfield code="q">75230</subfield>
   <subfield code="t">NOLOAN</subfield>
   <subfield code="v">vol.14;no.1:(Έτος)2011</subfield>
   <subfield code="y">23</subfield>
  </datafield>
  <datafield tag="856" ind1="4" ind2="1">
   <subfield code="u">http://www.ersj.eu/</subfield>
  </datafield>
  <datafield tag="900" ind1=" " ind2=" ">
   <subfield code="a">vol. 11 no. 7-8 (Οκτ. 2008)</subfield>
   <subfield code="b">Οφειλόμενο</subfield>
   <subfield code="c">15/05/2013</subfield>
  </datafield>
  <datafield tag="900" ind1=" " ind2=" ">
   <subfield code="a">vol. 6 no. 3 (Ιούλ. 2003)</subfield>
   <subfield code="b">Οφειλόμενο</subfield>
   <subfield code="c">10/10/2005</subfield>
  </datafield>
  <datafield tag="900" ind1=" " ind2=" ">
   <subfield code="a">vol. 6 no. 4 (Οκτ. 2003)</subfield>
   <subfield code="b">Οφειλόμενο</subfield>
   <subfield code="c">10/10/2005</subfield>
  </datafield>
  <datafield tag="900" ind1=" " ind2=" ">
   <subfield code="a">vol. 7 no. 3 (Ιούλ. 2004)</subfield>
   <subfield code="b">Οφειλόμενο</subfield>
   <subfield code="c">10/10/2005</subfield>
  </datafield>
  <datafield tag="900" ind1=" " ind2=" ">
   <subfield code="a">vol. 7 no. 4 (Οκτ. 2004)</subfield>
   <subfield code="b">Οφειλόμενο</subfield>
   <subfield code="c">11/04/2010</subfield>
  </datafield>
  <datafield tag="900" ind1=" " ind2=" ">
   <subfield code="a">vol. 8 no. 3 (Ιούλ. 2005)</subfield>
   <subfield code="b">Οφειλόμενο</subfield>
   <subfield code="c">13/02/2011</subfield>
  </datafield>
  <datafield tag="900" ind1=" " ind2=" ">
   <subfield code="a">vol. 8 no. 4 (Οκτ. 2005)</subfield>
   <subfield code="b">Οφειλόμενο</subfield>
   <subfield code="c">16/05/2011</subfield>
  </datafield>
  <datafield tag="900" ind1=" " ind2=" ">
   <subfield code="a">vol. 9 no. 5-6 (Ιούλ. 2006)</subfield>
   <subfield code="b">Οφειλόμενο</subfield>
   <subfield code="c">17/02/2012</subfield>
  </datafield>
  <datafield tag="900" ind1=" " ind2=" ">
   <subfield code="a">vol. 9 no. 7-8 (Οκτ. 2006)</subfield>
   <subfield code="b">Οφειλόμενο</subfield>
   <subfield code="c">18/05/2012</subfield>
  </datafield>
  <datafield tag="900" ind1=" " ind2=" ">
   <subfield code="a">vol. 10 no. 5-6 (Ιούλ. 2007)</subfield>
   <subfield code="b">Οφειλόμενο</subfield>
   <subfield code="c">19/02/2013</subfield>
  </datafield>
  <datafield tag="900" ind1=" " ind2=" ">
   <subfield code="a">vol. 10 no. 7-8 (Οκτ. 2007)</subfield>
   <subfield code="b">Οφειλόμενο</subfield>
   <subfield code="c">11/05/2012</subfield>
  </datafield>
  <datafield tag="950" ind1=" " ind2=" ">
   <subfield code="a">01/01/1998</subfield>
   <subfield code="c">EUROPEAN RESEARCH STUDIES</subfield>
   <subfield code="d">398</subfield>
  </datafield>
  <datafield tag="951" ind1=" " ind2=" ">
   <subfield code="a">vol. 14 no. 1 (2011) - vol. 14 no. 3 (2011)</subfield>
   <subfield code="b">Main run</subfield>
  </datafield>
  <datafield tag="951" ind1=" " ind2=" ">
   <subfield code="a">vol. 1 no. 1 - vol. 1 no. 4  (Jan./Feb./Mar. 1998 - Oct./Nov./Dec. 1998)</subfield>
   <subfield code="b">Main run</subfield>
  </datafield>
  <datafield tag="951" ind1=" " ind2=" ">
   <subfield code="a">vol. 2 no. 1-4 (1999)</subfield>
   <subfield code="b">Main run</subfield>
  </datafield>
  <datafield tag="951" ind1=" " ind2=" ">
   <subfield code="a">vol. 3 no. 1-2 (2000) - vol. 3 no. 3-4 (2000)</subfield>
   <subfield code="b">Main run</subfield>
  </datafield>
  <datafield tag="951" ind1=" " ind2=" ">
   <subfield code="a">vol. 4 no. 1-2 (2001) - vol. 4 no. 3-4 (2001)</subfield>
   <subfield code="b">Main run</subfield>
  </datafield>
  <datafield tag="951" ind1=" " ind2=" ">
   <subfield code="a">vol. 5 no. 1-2 - vol. 5 no. 3-4  (2002)</subfield>
   <subfield code="b">Main run</subfield>
  </datafield>
  <datafield tag="951" ind1=" " ind2=" ">
   <subfield code="a">vol. 6 no. 1-2 (2003) - vol. 6 no. 3-4 (2003)</subfield>
   <subfield code="b">Main run</subfield>
  </datafield>
  <datafield tag="951" ind1=" " ind2=" ">
   <subfield code="a">vol. 7 no. 1-2 (2004) - vol. 7 no. 3-4 (2004)</subfield>
   <subfield code="b">Main run</subfield>
  </datafield>
  <datafield tag="951" ind1=" " ind2=" ">
   <subfield code="a">vol. 8 no. 1-2 (2005) - vol. 8 no. 3-4 (2005)</subfield>
   <subfield code="b">Main run</subfield>
  </datafield>
  <datafield tag="951" ind1=" " ind2=" ">
   <subfield code="a">vol. 9 no. 1-2 (2006) - vol. 9 no. 3-4 (2006)</subfield>
   <subfield code="b">Main run</subfield>
  </datafield>
  <datafield tag="951" ind1=" " ind2=" ">
   <subfield code="a">vol. 10 no. 1-2 (2007) - vol. 10 no. 3-4 (2007)</subfield>
   <subfield code="b">Main run</subfield>
  </datafield>
  <datafield tag="951" ind1=" " ind2=" ">
   <subfield code="a">vol. 11 no. 1-2  (2008)</subfield>
   <subfield code="b">Main run</subfield>
  </datafield>
  <datafield tag="951" ind1=" " ind2=" ">
   <subfield code="a">vol. 11 no. 3  (2008)</subfield>
   <subfield code="b">Main run</subfield>
  </datafield>
  <datafield tag="951" ind1=" " ind2=" ">
   <subfield code="a">vol. 11 no. 4  (2008)</subfield>
   <subfield code="b">Main run</subfield>
  </datafield>
  <datafield tag="951" ind1=" " ind2=" ">
   <subfield code="a">vol. 12 no. 1  (2009)</subfield>
   <subfield code="b">Main run</subfield>
  </datafield>
  <datafield tag="951" ind1=" " ind2=" ">
   <subfield code="a">vol. 12 no. 3  (2009)</subfield>
   <subfield code="b">Main run</subfield>
  </datafield>
  <datafield tag="951" ind1=" " ind2=" ">
   <subfield code="a">vol. 12 no. 2  (2009)</subfield>
   <subfield code="b">Main run</subfield>
  </datafield>
  <datafield tag="951" ind1=" " ind2=" ">
   <subfield code="a">vol. 12 no. 4  (2009)</subfield>
   <subfield code="b">Main run</subfield>
  </datafield>
  <datafield tag="951" ind1=" " ind2=" ">
   <subfield code="a">vol. 13 no. 1  (2010)</subfield>
   <subfield code="b">Main run</subfield>
  </datafield>
  <datafield tag="951" ind1=" " ind2=" ">
   <subfield code="a">vol. 13 no. 2  (2010)</subfield>
   <subfield code="b">Main run</subfield>
  </datafield>
  <datafield tag="951" ind1=" " ind2=" ">
   <subfield code="a">vol. 13 no. 3  (2010)</subfield>
   <subfield code="b">Main run</subfield>
  </datafield>
  <datafield tag="951" ind1=" " ind2=" ">
   <subfield code="a">vol. 13 no. 4  (2010)</subfield>
   <subfield code="b">Main run</subfield>
  </datafield>
 </record>
</collection>
